LEADER 01481nam a2200337 u 4500 001 000000060760 003 CaOOAMICUS 005 20070226120941.0 008 010731s1909 gw u000 u lat u 035 $a10899188 040 $aPUL(R)$bita 100 1 $aPesch, Christian,$cS.I.,$d1853-1925.$0(OLS)http://pul/name/18032 245 10$aDe verbo incarnato ; :$bDe beata Virgine Maria ; De cultu sanctorum : tractatus dogmatici /$cauctore Christiano Pesch. 246 35$aPraelectiones dogmaticae.$nTomus IV 250 $aEd. 3a. 260 $aFriburgi Brisgoviae :$bsumptibus Herder,$c1909. 300 $axii, 399 p. ;$c24 cm 500 $aComprende indici. 504 $aBibliografia in nota. 600 04$aMaria Virgo,$cs.$0(OLS)http://pul/subject/500 650 4$aTeologia dogmatica.$0(OLS)http://pul/subject/663 650 4$aIncarnazione.$0(OLS)http://pul/subject/4447 650 4$aSanti.$0(OLS)http://pul/subject/20 850 $aPUL 852 $aPUL$W1$xSL Religione 1$y3$m55 E 8$j79237$nBK-PRI$b $qStampati$B79237$CPULBib$Z2$F79237 $H $81 941 1 $a8 960 $aMariologia$9500 960 $aMariologia$9500 996 $6245$aDe verbo incarnato ; :$bDe beata Virgine Maria ; De cultu sanctorum : tractatus dogmatici$9(OLS)http://pul/title/81196 996 $6246$aPraelectiones dogmaticae.$nTomus IV$9(OLS)http://pul/title/81197 996 $6260$aFriburgi Brisgoviae :$bsumptibus Herder$9(OLS)http://pul/publisher/50410 LEADER 01204nam a2200313 a 4500 001 000000149889 003 CaOOAMICUS 005 20160301124318.0 008 160301s1999 it u000 u ita r 020 $a88-8227-049-1* 032 $aLibriCat 040 $aPUL$bita 041 1 $aita$hfre 100 1 $aVarillon, François,$cS.I.,$d1905-1978.$0(OLS)http://pul/name/21989 240 12$aL'humilite de Dieu.$lItaliano.$0(OLS)http://pul/title/188934 245 12$aL'umiltà di Dio / $cFrançois Varillon. 260 $aMagnano (BI) :$bEdizioni Qiqajon,$c1999. 300 $a159 p. ;$c21 cm. 490 1 $aSpiritualità occidentale 504 $aBibliografia in nota. 650 4$aDio.$0(OLS)http://pul/subject/3878 830 0$aSpiritualità occidentale.$0(OLS)http://pul/title/40018 850 $aPUL 852 $aPUL$W1$xDP1 Fondo Bordoni$y120$m3 K 5$j167578$qFondi$B174304$CPULBib$Z2$F174304 $HBor392 $81 941 1 $a1 996 $6020$a88-8227-049-1*$9(OLS)http://pul/number/159909 996 $6245$aL'umiltà di Dio / $9(OLS)http://pul/title/188935 996 $6260$aMagnano (BI) :$bEdizioni Qiqajon$9(OLS)http://pul/publisher/60310